00335nam a22001451a 4500020001800000082001400018100001400032245003500046250000600081260003200087300001000119650002000129650002500149650001500174 a9789354329531 aM3bMEE/N aMeera K R aNethronmeelanam/cby Meera K R a8 aKottayam:bD C Booksc2025. a248p. aNovel Malayalam aLiterature Malayalam aLiterature